Rolnictwo i wieś europejska : (Rekord nr 37657)
| 000 -ETYKIETA REKORDU | |
|---|---|
| podpole kontrolne o stałej długości | 01292nam a2200301 i 4500 |
| 001 - NUMER KONTROLNY REKORDU | |
| pole kontrolne | bg |
| 020 ## - MIĘDZYNARODOWY ZNORMALIZOWANY NUMER KSIĄŻKI - ISBN | |
| ISBN | 8323110050 |
| 040 ## - ŹRÓDŁO KATALOGOWANIA | |
| Instytucja, która utworzyła rekord | BPK |
| 041 0# - KOD JĘZYKA | |
| Kod języka tekstu | pl |
| Kod języka oryginału | en |
| 080 ## - UNIWERSALNA KLASYFIKACJA DZIESIĘTNA - UKD | |
| UKD | 338.43:316.334.55:339.92](4)"1989/..."(061) |
| 920 ## - Międzynarodowy znormalizowany numer książki – ISBN | |
| ISBN | 83-231-1005-0 |
| 008 - POLE O STAŁEJ DŁUGOŚCI - DANE KONTROLNE | |
| podpole kontrolne o stałej długości | s pl f |000 0 pol |
| 245 00 - TYTUŁ/ODPOWIEDZIALNOŚĆ | |
| Tytuł | Rolnictwo i wieś europejska : |
| Ciąg dalszy tytułu | od korzeni ku wspólnej przyszłości w XXI wieku / |
| Pozostałe elementy strefy tytułu i oznaczenia odpowiedzialności | red. nauk. Zbigniew T. Wierzbicki i Andrzej Kaleta ; Uniwersytet Mikołaja Kopernika, Instytut Rozwoju Wsi i Rolnictwa Polskiej Akademii Nauk. |
| 260 ## - STREFA ADRESU WYDAWNICZEGO | |
| Miejsce wydania | Toruń ; |
| -- | Warszawa : |
| Nazwa wydawcy/dystrybutora | Wydaw. UMK, |
| Data publikacji, dystrybucji/powstania dokumentu | 1998. |
| 300 ## - STREFA OPISU FIZYCZNEGO | |
| Objętość | 346 s. : |
| Inne cechy fizyczne | mapy, wykr. ; |
| Rozmiary | 24 cm. |
| 500 ## - UWAGI OGÓLNE | |
| Tekst uwagi | Materiały z konferencji w Toruniu w dn. 17-20 września 1996 r. - Tekst częśc. tł. z ang., fr., niem. |
| 504 ## - UWAGA DOTYCZĄCA BIBLIOGRAFII | |
| Informacje o bibliografii | Bibliogr. przy ref. |
| 650 #9 - HASŁO PRZEDMIOTOWE W FORMIE NAZWY OGÓLNEJ LUB JEDNOSTKOWEJ | |
| Nazwa ogólna lub geograficzna | Integracja europejska |
| Określnik ogólny | rolnictwo |
| 650 #9 - HASŁO PRZEDMIOTOWE W FORMIE NAZWY OGÓLNEJ LUB JEDNOSTKOWEJ | |
| Nazwa ogólna lub geograficzna | Rolnictwo |
| Określnik ogólny | historia |
| Określnik geograficzny | Europa |
| 650 #9 - HASŁO PRZEDMIOTOWE W FORMIE NAZWY OGÓLNEJ LUB JEDNOSTKOWEJ | |
| Nazwa ogólna lub geograficzna | Rolnictwo |
| Określnik ogólny | polityka |
| Określnik geograficzny | Europa |
| Określnik chronologiczny | od 1989 r. |
| 650 #9 - HASŁO PRZEDMIOTOWE W FORMIE NAZWY OGÓLNEJ LUB JEDNOSTKOWEJ | |
| Nazwa ogólna lub geograficzna | Wieś |
| Określnik ogólny | socjologia |
| Określnik geograficzny | Europa |
| Określnik chronologiczny | od 1989 r. |
| 655 ## - TERMIN INDEKSOWY - OKREŚLENIE RODZAJU/FORMY DOKUMENTU | |
| Określenie rodzaju/formy dokumentu | Materiały konferencyjne |
| 700 1# - HASŁO DODATKOWE - NAZWA OSOBOWA | |
| Nazwa osobowa | WIERZBICKI, Zbigniew Tadeusz |
| Daty związane z nazwą | (1919- ). |
| Określenie związku między hasłem a opisywanym materiałem | Red. |
| 700 1# - HASŁO DODATKOWE - NAZWA OSOBOWA | |
| Nazwa osobowa | KALETA, Andrzej |
| Daty związane z nazwą | (1952- ). |
| Określenie związku między hasłem a opisywanym materiałem | Red. |
| 710 #0 - HASŁO DODATKOWE - NAZWA CIAŁA ZBIOROWEGO | |
| Nazwa ciała zbiorowego lub jednostki geograficznej | Uniwersytet Mikołaja Kopernika (Toruń) |
| 710 #0 - HASŁO DODATKOWE - NAZWA CIAŁA ZBIOROWEGO | |
| Nazwa ciała zbiorowego lub jednostki geograficznej | Polska Akademia Nauk |
| Nazwa jednostki podrzędnej | Instytut Rozwoju Wsi i Rolnictwa |
| 856 ## - LOKALIZACJA I DOSTĘP DO ELEKTRONICZNYCH DOKUMENTÓW ZDALNYCH | |
| Link (URL) | http://koha.tu.koszalin.pl/cgi-bin/koha/opac-detail.pl?biblionumber=37657 |
| Tekst linku | Katalog online BPK |
| 942 ## - DODATKOWE ELEMENTY (KOHA) | |
| Typ dokumentu | Książka |
| Wycofany | Status egzemplarza | Uszkodzony | Dostępność | Lokalizacja stała | Lokalizacja bieżąca | Miejsce przechowywania | Sygnatura | Kod kreskowy | Dział | Typ dokumentu |
|---|---|---|---|---|---|---|---|---|---|---|
| Tylko na miejscu | Biblioteka Politechniki Koszalińskiej | Biblioteka Politechniki Koszalińskiej | Czytelnia Wydziałowa ul. Kwiatkowskiego 6e | 54058 | 01490978 | 338.43 Ekonomika rolnictwa. Gospodarka żywnościowa | Książka | |||
| Tylko na miejscu | Biblioteka Politechniki Koszalińskiej | Biblioteka Politechniki Koszalińskiej | Czytelnia BG | 54059 | 01490961 | 338.43 Ekonomika rolnictwa | Książka | |||
| Dostępny | Biblioteka Politechniki Koszalińskiej | Biblioteka Politechniki Koszalińskiej | Wypożyczalnia BG | 54060 | 01490954 | Książka |
